[Event "Rostock  PSV op 05th"]
[Site "Rostock"]
[Date "2005.08.27"]
[Round "5"]
[White "Giese, Guido"]
[Black "Jakob, Florian"]
[Result "1-0"]
[WhiteElo "2037"]
[BlackElo "1636"]
[PlyCount "111"]
[EventDate "2005.08.25"]
[EventType "swiss"]
[EventRounds "7"]
[EventCountry "GER"]
[SourceTitle "EXT 2007"]
[Source "ChessBase"]
[SourceDate "2006.11.23"]
[SourceVersion "1"]
[SourceVersionDate "2006.11.23"]
[SourceQuality "1"]

1. Nc3 d5 2. e4 d4 3. Nce2 e5 4. Ng3 Be6 5. Nf3 Bd6 6. Be2 Ne7 7. Ng5 Bd7 8. Bc4 0-0 9. Qh5 h6 10. Nxf7 Rxf7 11. Qxf7+ Kh8 12. Nh5 Qg8 13. Qxg8+ Nxg8 14. 0-0 Nc6 15. d3 Rf8 16. Bd2 Bg4 17. Ng3 Nge7 18. f3 Bd7 19. a3 a6 20. Ne2 g5 21. g4 Ng6 22. Ng3 Be7 23. Nf5 Bxf5 24. exf5 Nf4 25. Bxf4 gxf4 26. Bd5 Nd8 27. Rad1 Bd6 28. Kg2 b6 29. h4 Kg7 30. Kh3 a5 31. Rg1 Rh8 32. g5 h5 33. f6+ Kg6 34. Be4+ Kf7 35. Rg2 c6 36. Rdg1 Rg8 37. Bh7 Rg6 38. Bxg6+ Kxg6 39. Re2 Nf7 40. a4 Bb4 41. Rc1 Kf5 42. c3 dxc3 43. bxc3 Ba3 44. Rd1 Bc5 45. d4 exd4 46. cxd4 Bb4 47. d5 cxd5 48. Rxd5+ Kg6 49. Rd7 Bd6 50. Ree7 b5 51. Rxf7 bxa4 52. Rg7+ Kf5 53. Rxd6 a3 54. f7 a2 55. f8Q+ Ke5 56. Qf6# 1-0

[Event "Rostock  PSV op 05th"]
[Site "Rostock"]
[Date "2005.08.26"]
[Round "4"]
[White "Jakob, Florian"]
[Black "Modrow, Andreas"]
[Result "1-0"]
[WhiteElo "1636"]
[BlackElo "1235"]
[PlyCount "53"]
[EventDate "2005.08.25"]
[EventType "swiss"]
[EventRounds "7"]
[EventCountry "GER"]
[SourceTitle "EXT 2007"]
[Source "ChessBase"]
[SourceDate "2006.11.23"]
[SourceVersion "1"]
[SourceVersionDate "2006.11.23"]
[SourceQuality "1"]

1. d4 Nf6 2. c4 c5 3. d5 e6 4. Nc3 exd5 5. cxd5 d6 6. e4 Be7 7. Bd3 0-0 8. Nge2 Bg4 9. 0-0 Bxe2 10. Qxe2 Nbd7 11. f4 Nb6 12. Be3 a6 13. Rad1 Re8 14. e5 dxe5 15. fxe5 Nfd7 16. Bxh7+ Kxh7 17. Qh5+ Kg8 18. Qxf7+ Kh7 19. Rf5 Bg5 20. Rxg5 Qxg5 21. Bxg5 Rxe5 22. h4 Rf8 23. Qh5+ Kg8 24. Qg6 Nf6 25. Rf1 Nfxd5 26. Rxf8+ Kxf8 27. Qd6+ 1-0